000 00509nam a2200181Ia 4500
003 GCL
008 140319s9999 xx 000 0 ara d
040 _aGCL /
_cGCL
082 0 4 _a814.008
_bا ح
100 1 _aاحمد ابوالفتح
245 1 0 _aحكايات لمصر /
_cاحمد ابوالفتح
300 _a128 ص
490 _aقصص للجميع
_v0
650 0 4 _aالادب العربى
650 0 4 _aالمقالات العربية
650 0 4 _aالادب والدولة
942 _2ddc
_cBK
999 _c50512
_d50512